000 00264nam a2200097Ia 4500
005 20251222114413.0
008 251222s1900||||xx |||||||||||||| ||spa||
082 _aDVD0120/C83T/1994
245 4 _aThe 3 tenors in concert 1994:Los tres tenores en concierto
942 _cDVD
999 _c2115
_d2115